| 000 | 01711nam0a2200337 4500 | ||
|---|---|---|---|
| 001 | RU\NLR\BIBL_A\012752973 | ||
| 005 | 20230823164500.0 | ||
| 010 |
_a978-5-94162-200-9 _9500 |
||
| 021 |
_aRU _bКН-П-21-092461 _9КН-П-21-7374 |
||
| 035 | _a(NLR Aleph) 012752973 | ||
| 090 |
_a13038326 _c13038326 |
||
| 100 | _a20220406d2021 u y0rusy50 ca | ||
| 101 | 0 | _arus | |
| 102 | _aRU | ||
| 105 | _aa z 000zb | ||
| 181 | 0 |
_ai _baxxe |
|
| 182 | 0 | _an | |
| 200 | 1 |
_a...Во Франции русский солдат _e[о судьбе военного контрразведчика лейтенанта Ивана Рябова в годы Великой Отечественной войны] _fЛузан Николай Николаевич (Абин) |
|
| 203 |
_aТекст _bвизуальный _cнепосредственный |
||
| 210 |
_aОренбург _cЮжный Урал _d2021 |
||
| 215 |
_a254, [2] с. _cил., цв. ил. _d21 |
||
| 300 | _aНа 4-й с. авт.: Лузан Н. Н. (Абин), полковник, лауреат лит. премии им. А. Грибоедова, лауреат Всерос. конкурса "Мы горды Отечествои своим" | ||
| 320 | _aДр. кн. авт. на 4-й с. | ||
| 600 | 1 |
_aРябов _bИ. В. _f1909 - 1984 _gИван Васильевич _92562807 _3RU\NLR\AUTH\6601728057 |
|
| 686 | 1 | _aЦ35(2)722-68-243Рябов | |
| 700 | 1 |
_4070 _7ca _8rus _aАбин _bН. Н. _f1951- _gНиколай Николаевич _976072 _3RU\NLR\AUTH\7793146 |
|
| 702 | 1 |
_aРябов _bИ. В. _f1909-1984 _gИван Васильевич _4280 |
|
| 942 | _cBOOK | ||
| 980 | _aNB | ||